000 00580nam a2200193Ia 4500
003 GCL
008 140319s9999 xx 000 0 eng d
020 _a0671767224
040 _aGCL /
_cGCL
082 0 4 _a940.548641
_bK C
100 1 _aKILZER, LOUIS C
245 1 0 _aCHURCHILL'S DECEPTION :
_bTHE DARK SECRET THAT DESTROYED NAZI GERMANY /
_cKILZER, LOUIS C
260 _aنيويورك :
_bSIMON & SCHUS TER, INC ،
_c1994
300 _a22 CM ؛
_c335 P
650 0 4 _aWORLD WAR II
650 0 4 _aCHURCHILL, S.WINSTON
650 0 4 _aHESS, RUDOLF, 1894 - 1987
942 _2ddc
_cBK
999 _c4654
_d4654